01014cam a22002773a 450000500170000000800410001702000140005802000180007204000520009004100130014208000130015510000260016824501620019426000480035630000180040449000480042250400530047065000270052365000240055065000160057470000340059070000230062470000270064776500300067483000320070420140903175011.0021007s2001 ag frn 001 0 spa d a100140324 a9789871004010 aCo-BoUCMbspacJavier GarzóndDiana Londoño1 aspahita04a174.90971 aBettetini, Gianfranco13aLo que queda de los mediosbideas para una ética de la comunicacióncGianfranco Bettetini y Armando Fumagalli ; traducción Ana Zagari y Valeria Durante aBuenos Aires (Argentina)bLa Crujíac2001 a319 páginas0 aSerie categorías; colección inclusiones aIncluye referencias bibliográficas e índices 7aÉtica periodística 7aÉtica profesional 7aPeriodistas1 aDurante, Valeríaetraductor1 aFumagalli, Armando1 aZagari, Anaetraductor0 tQuel che resta dei media. 0aCategorías.pInclusiones.